The Malaysian economy and finance

Bibliographic Details
Other Authors: Jomo K. Sundaram, Sritua Arief
Format: Book
Published: Australia : Rosecons , 1983
Subjects:

MARC

LEADER 00000cam a2200000 7i4500
001 0000001768
005 20050427.0
040 |a INS 
090 0 0 |a HC445.5.   |b M3685 1983 
245 0 4 |a The Malaysian economy and finance   |c ed. Sritua Arief 
260 |a Australia :   |b Rosecons ,   |c 1983 
300 |a vi, 346p. :   |b charts ;   |c 21 cm. 
500 |a Includes index p.343-346 
650 0 0 |a Finance, Public   |z Malaysia 
651 0 |a Malaysia   |x Economic conditions 
700 0 |a Jomo K. Sundaram   |f ed. 
700 0 |a Sritua Arief   |f ed. 
999 |a 0000001253   |b BOOK   |c Open Shelf   |e Default branch